000 00534nam a2200181Ia 4500
008 090124s9999 xx 000 0 und d
082 _b117470
100 _aचेस जेम्स हॅडले
245 _a फसवी प्रिया
250 _a1
260 _c1972
300 _a103
600 _aचेस जेम्स हॅडले
630 _a फसवी प्रिया
700 _aचेस जेम्स हॅडले
730 _a फसवी प्रिया
942 _cBOOK
999 _c163557
_d163557